| 000 | 00506cam a22001457a 4500 | ||
|---|---|---|---|
| 008 | 180718b1998 xxu||||| |||| 00| 0 eng d | ||
| 020 | _a9211007976 | ||
| 082 | _aC41 H88 | ||
| 245 |
_aHuman rights today: a United Nations priority _cby Department of Public Information, United Nations |
||
| 260 |
_aNew York _bDepartment of Public Information, United Nations _c1998 |
||
| 300 | _a74+p | ||
| 500 | _aUN briefing papers | ||
| 650 | _aHuman rights | ||
| 700 | _aUnited Nations. Department of Public Information | ||
| 999 |
_c490762 _d490762 |
||